| 000 | 00689 a2200181 4500 | ||
|---|---|---|---|
| 003 | Nust | ||
| 005 | 20170207153550.0 | ||
| 040 | _cNust | ||
| 082 | _a005.1 | ||
| 100 | _aIqbal, Muhammad Javed (MSCS-7) | ||
| 245 |
_aDesigning and development of a softwar for web based shopping _cMuhammad Javed Iqbal, |
||
| 260 |
_bMCS,NUST _cApril 2002 _aRawalpindi |
||
| 300 | _ax,51, p; | ||
| 505 | _aIntroduction (page-1) E-commerce (page-4) Active server pages (ASP) (page-14) Requirement analysis (page-21) Designing database (page-27) Designing front end (page-33) Security in E commerce (page-40) Conclusion (page-47) | ||
| 538 | _aAlmirah No 69 Shelf No 5 | ||
| 650 | _aPG Thesis | ||
| 651 | _aMSCS-7 | ||
| 942 | _cTHS | ||
| 999 |
_c188823 _d188823 |
||